000 00511nam a2200193 a 4500
001 1755588055442
003 YourLibrary
005 20250819125242.0
008 250819s2002##################000#0#eng##
020 _a9781402006227
082 0 4 _a523.112
_bSAV
100 1 _aSauvage, Marc,
_eauthor.
245 1 0 _aThe Evolution of Galaxies :
260 _bSpringer Science & Business Media,
_c2002.
300 _a538 pages
650 0 _aScience.
942 _cENGLISH
040 _aYourLibrary
_beng
_cYourLibrary
999 _c582908
_d582908